The Making of strategy : (Record no. 551621)
[ view plain ]
| 000 -LEADER | |
|---|---|
| fixed length control field | 00962cam a2200241 a 4500 |
| 020 ## - INTERNATIONAL STANDARD BOOK NUMBER | |
| International Standard Book Number | 0521453895 |
| 082 00 - DEWEY DECIMAL CLASSIFICATION NUMBER | |
| Classification number | 355.02 |
| Author Mark | STO |
| -- | L-40, P-62 |
| 100 ## - MAIN ENTRY--PERSONAL NAME | |
| Personal name | Murray Williamson |
| 9 (RLIN) | 48764 |
| 245 04 - TITLE STATEMENT | |
| Title | The Making of strategy : |
| Remainder of title | rulers, states, and war / |
| Statement of responsibility, etc. | edited by Williamson Murray, MacGregor Knox, Alvin Bernstein. |
| 260 ## - PUBLICATION, DISTRIBUTION, ETC. | |
| Place of publication, distribution, etc. | Cambridge, England ; |
| -- | New York : |
| Name of publisher, distributor, etc. | Cambridge University Press, |
| Date of publication, distribution, etc. | 1994. |
| 300 ## - PHYSICAL DESCRIPTION | |
| Extent | xiv, 680 p. : |
| Other physical details | ill. ; |
| Dimensions | 24 cm. |
| 526 ## - STUDY PROGRAM INFORMATION NOTE | |
| Program name | 0 |
| Interest level | 0 |
| Reading level | 0 |
| Title point value | 355_020000000000000_STO |
| 526 ## - STUDY PROGRAM INFORMATION NOTE | |
| Program name | 0 |
| Interest level | 0 |
| Reading level | 0 |
| Title point value | 355_020000000000000_STO |
| 526 ## - STUDY PROGRAM INFORMATION NOTE | |
| Program name | 0 |
| Interest level | 0 |
| Reading level | 0 |
| Title point value | 355_020000000000000_STO |
| 526 ## - STUDY PROGRAM INFORMATION NOTE | |
| Program name | 0 |
| Interest level | 0 |
| Reading level | 0 |
| Title point value | 355_020000000000000_STO |
| 650 #0 - SUBJECT ADDED ENTRY--TOPICAL TERM | |
| Topical term or geographic name entry element | Strategy |
| General subdivision | Case studies. |
| 9 (RLIN) | 48765 |
| 700 1# - ADDED ENTRY--PERSONAL NAME | |
| Personal name | Bernstein, Alvin H. |
| 9 (RLIN) | 48766 |
| 700 1# - ADDED ENTRY--PERSONAL NAME | |
| Personal name | Knox, MacGregor. |
| 9 (RLIN) | 48767 |
| 700 1# - ADDED ENTRY--PERSONAL NAME | |
| Personal name | Murray, Williamson. |
| 9 (RLIN) | 48768 |
| 856 41 - ELECTRONIC LOCATION AND ACCESS | |
| Uniform Resource Identifier | <a href="http://www.loc.gov/catdir/toc/cam025/94002520.html">http://www.loc.gov/catdir/toc/cam025/94002520.html</a> |
| 856 42 - ELECTRONIC LOCATION AND ACCESS | |
| Uniform Resource Identifier | <a href="http://www.loc.gov/catdir/description/cam026/94002520.html">http://www.loc.gov/catdir/description/cam026/94002520.html</a> |
| 942 ## - ADDED ENTRY ELEMENTS (KOHA) | |
| Source of classification or shelving scheme | |
| Koha item type | Book |
| Withdrawn status | Lost status | Source of classification or shelving scheme | Damaged status | Not for loan | Permanent Location | Current Location | Date acquired | Total Checkouts | Full call number | Barcode | Date last seen | Price effective from | Koha item type | Date last checked out | Total Renewals |
|---|---|---|---|---|---|---|---|---|---|---|---|---|---|---|---|
| Military College of Engineering (MCE) | Military College of Engineering (MCE) | 12/19/2014 | 355.02 STO | MCE-35035 | 12/19/2014 | 12/19/2014 | Book | ||||||||
| Military College of Engineering (MCE) | Military College of Engineering (MCE) | 12/19/2014 | 355.02 STO | MCE-35032 | 12/19/2014 | 12/19/2014 | Book | ||||||||
| Military College of Engineering (MCE) | Military College of Engineering (MCE) | 12/19/2014 | 2 | 355.02 STO | MCE-35033 | 08/21/2020 | 12/19/2014 | Book | 08/21/2020 | ||||||
| Military College of Engineering (MCE) | Military College of Engineering (MCE) | 12/19/2014 | 2 | 355.02 STO | MCE-35034 | 10/02/2019 | 12/19/2014 | Book | 07/16/2019 | 1 |
